Number Maze - Sudden Death - Statistics

General Stats
  • This quiz has been taken 354 times
  • The average score is 12 of 18
Answers on the Grid
Answers color-coded by a green-red scale on the quiz's grid according to % correct below.
19
6
14
2
13
9
17
3
16
6
4
14
11
6
2
5
1
15
18
12
7
2
6
14
11
17
11
3
4
3
16
4
9
11
12
18
19
6
19
5
1
2
4
12
3
2
8
7
4
15
 
Answer Stats
Answer % Correct
19
96%
17
80%
11
77%
9
77%
15
73%
1
72%
7
71%
3
68%
11
67%
17
67%
5
65%
9
64%
3
62%
19
60%
11
58%
3
51%
5
51%
15
47%
No matching quizzes found
Score Distribution
Percent of People with Each Score
Percentile by Number Answered
Your Score History
You have not taken this quiz